000 00716nam a2200217 4500
003 LK-CoMWRAF
005 20231206095900.0
008 231206b2005 |||||||| |||| 00| 0 eng d
020 _a9068328506
040 _aLK-CoMWRAF
_dLK-CoMWRAF
_eLK-CoMWRAF
041 _aeng
082 _a910.68
_bBEU
100 _aBeurden, Jos van
245 _aPartnerships in cultural heritage :
_b the international projects of the KIT Tropenmuseum in Amsterdam
260 _aAmsterdam:
_bRoyal Tropical Institute,
_c2005
300 _a 62 p. : ill. ; 24 cm.
490 _aBulletin
_v364
650 _a Ethnological museums and collections- Developing countries
650 _aNetherlands- International cooperation
942 _cBK
999 _c4291
_d4291